LEADER 02151nas 2200709- 450 001 996203953103316 005 20230222213018.0 035 $a(OCoLC)60627216 035 $a(CKB)110978977286838 035 $a(CONSER)--2022242445 035 $a(MiAaPQ)42614 035 $a(EXLCZ)99110978977286838 100 $a20050614a19909999 --- - 101 0 $aeng 135 $aurun||||||||| 181 $ctxt$2rdacontent 182 $cc$2rdamedia 183 $acr$2rdacarrier 200 00$aConference & incentive travel 210 1$aLondon :$cHaymarket Business Publications 215 $a1 online resource 300 $aEditor: Yasmin Razak Arrigo. 311 $a0965-125X 517 3 $aConference and incentive travel 517 1 $aC&IT 517 1 $aC & IT 517 1 $aCIT 531 $aCONFERENCE AND INCENTIVE TRAVEL (UK) 531 $aCONFERENCE AND INCENTIVE TRAVEL 606 $aTourism$vPeriodicals 606 $aBusiness travel$vPeriodicals 606 $aSpecial events$vPeriodicals 606 $aMeetings$vPeriodicals 606 $aIncentives in industry$vPeriodicals 606 $aVoyages d'affaires$vPériodiques 606 $aÉvénements spéciaux$vPériodiques 606 $aRéunions$vPériodiques 606 $aBusiness travel$2fast$3(OCoLC)fst00842923 606 $aIncentives in industry$2fast$3(OCoLC)fst00968514 606 $aMeetings$2fast$3(OCoLC)fst01015496 606 $aSpecial events$2fast$3(OCoLC)fst01128924 606 $aTourism$2fast$3(OCoLC)fst01153142 608 $aPeriodicals.$2fast 608 $aPeriodicals.$2lcgft 615 0$aTourism 615 0$aBusiness travel 615 0$aSpecial events 615 0$aMeetings 615 0$aIncentives in industry 615 6$aVoyages d'affaires 615 6$aÉvénements spéciaux 615 6$aRéunions 615 7$aBusiness travel. 615 7$aIncentives in industry. 615 7$aMeetings. 615 7$aSpecial events. 615 7$aTourism. 676 $a338.4791 906 $aJOURNAL 912 $a996203953103316 996 $aConference & incentive travel$92900817 997 $aUNISA LEADER 01195nam0 22003011i 450 001 UON00038421 005 20231205102134.918 100 $a20020107r1966 |0itac50 ba 101 $aeng 102 $aIN 105 $a|||| 1|||| 200 1 $aReport for the year 1871-72 $fby Alexander Cunningham 205 $areprint 210 $aDelhi$cVaranasi$cIndological Book House$d1966 215 $aXIII, 164 p., tav.$d22 cm 410 1$1001UON00038419$12001 $aArchaeological Survey of India$v3 606 $aArcheologia$xIndia$xRapporti di Scavo$xSec. 19.$3UONC012970$2FI 620 $aIN$dNew Delhi$3UONL000110 620 $aIN$dVaranasi$3UONL000332 686 $aSI X A$cSUBCONT. INDIANO - ARCHEOLOGIA - STORIA$2A 700 1$aCUNNINGHAM$bAlexander$3UONV008519$0639488 712 $aIndological Book House$3UONV247137$4650 801 $aIT$bSOL$c20250411$gRICA 899 $aSIBA - SISTEMA BIBLIOTECARIO DI ATENEO$2UONSI 912 $aUON00038421 950 $aSIBA - SISTEMA BIBLIOTECARIO DI ATENEO$dSI SI X A 007 (03) $eSI ARC1897 7 007 (03) 996 $aReport for the year 1871-72$91153895 997 $aUNIOR